Loading...

Darwin /

Bibliographic Details
Main Author: Howard, Jonathan
Language:Undetermined
Published: U. K. : Oxford University Press , 2001.
Subjects:
LEADER 00537nam a2200169Ia 4500
001 135189
008 170722s9999 xx 000 0 und d
020 |a 0192854542 
100 |a Howard, Jonathan 
245 |a Darwin / 
260 |a U. K. :  |b Oxford University Press ,  |c 2001. 
300 |a xiii+125 
653 |a Collected Works 
653 |a Genetics 
942 |c GEN 
999 |c 126299  |d 126299 
952 |0 0  |1 0  |4 0  |6 G_66XM09_P1  |7 0  |9 178569  |a LIB  |b LIB  |d 2013-03-25  |e Modern Book Centre  |l 4  |o G:66xM09 P1  |p 249137  |r 2019-06-10  |s 2019-03-26  |v 145.00  |w 2017-08-12  |y GEN